00598nam a2200205Ia 4500003000900000008004100009040001600050080001600066245007900082260004800161300001000209650004100219650001000260650001600270650002100286700002200307700002200329700002100351700002000372IN-BaIIA211028s9999 xx 000 0 eng d cIIA Library a551.51bHIN 0aPhysics of the Earth's Upper Atmospherecedited by C. O. Hines… [et al.] aEnglewoodcliffs, N. J.bPrentice-Hallc1965 a434p. aAstronomy and Astrophysics Thesaurus aEarth aMeteorology aUpper Atmosphere aFejer. J. A., ed. aHartz, T. R., ed. aHines, C O., ed. aPhagis, I., ed.